000
00325pab a2200145 454500
008
180718b1987 xxu||||| |||| 00| 0 eng d
100
_a
Bhaskar, Danti
245
_a
Magnitude of devastating drought
260
_c
1987
300
_a
4-5,33
362
_a
29 Aug.
650
_a
Drought
773
_a
Mainstream
909
_a
7407
999
_c
7407
_d
7407